| Поле | Инд. | ПП | Название | Значение |
|---|---|---|---|---|
| Тип записи | a | |||
| Библиографический уровень | b | |||
| 001 | Контрольный номер | RU/IS/BASE/420639735 | ||
| 005 | Дата корректировки | 20220201122031.0 | ||
| 008 | Кодируемые данные | 20130430 | ||
| 084 | a | Индекс другой классификации/Индекс ББК | 74.484(2Рос) | |
| 100 | 1_ | a | Автор | Вещугина Т. С. |
| q | Полное имя | Вещугина Татьяна Семеновна | ||
| 100 | 1_ | a | Автор | Попова Е. П. |
| q | Полное имя | Попова Елена Павловна | ||
| 245 | 10 | a | Заглавие | Базовые управленческие науки на факультетах государственного и муниципального управления |
| 504 | a | Библиография | Лит. в конце статьи | |
| 520 | 0_ | a | Аннотация | Теория организации (ТО) и теория организационного поведения (ОП) являются важными компонентами в подготовке управленцев. Однако при подготовке специалистов государственного управления им уделяется мало внимания. Важность ТО - выявить организационную сущность развития всех организаций независимо от их типа. Теория ОП важна для студентов, поскольку умение анализировать и прогнозировать поведение работников и групп в организации является важным для эффективной работы управленца в любой организации. |
| 650 | 04 | a | Основная рубрика | высшее образование |
| a | Основная рубрика | образование | ||
| a | Основная рубрика | профессиональное образование | ||
| 653 | 0_ | a | Ключевые слова | "Государственное и муниципальное управление" (специальность) |
| a | Ключевые слова | государственные организации | ||
| a | Ключевые слова | менеджмент (управление предприятием) | ||
| a | Ключевые слова | образовательные курсы | ||
| a | Ключевые слова | образовательные программы | ||
| a | Ключевые слова | организационное поведение | ||
| a | Ключевые слова | подготовка специалистов | ||
| a | Ключевые слова | подготовка управленческих кадров | ||
| a | Ключевые слова | Россия | ||
| a | Ключевые слова | теория организации | ||
| a | Ключевые слова | теория организационного поведения | ||
| a | Ключевые слова | управленческие науки | ||
| 773 | 18 | t | Заглавие источника | Вопросы государственного и муниципального управления |
| d | Дата издания источника | 2012 | ||
| g | Прочая информация | № 3. - С. 75 - 87 | ||
| w | Контрольный № источника | RU/IS/BASE/406121937 | ||
| 901 | t | Тип документа | b |